000 01044nam a2200301 c 4500
001 1605
003 ES-MaCES
005 20150929135345.0
008 940526s1993 sp ||| | spa d
035 _aCES19980016131m
040 _aES-MaCES
_bspa
_cES-MaCES
100 1 _aSalgado Méndez, Elena
_923090
245 1 3 _aEl desarrollo legislativo español y los compromisos comunitarios
_c[Elena Salgado]
260 _a[Madrid
_bs.n.
_c1993]
300 _a10 h.
_c30 cm
500 _aDocumento perteneciente a las Jornadas sobre Telecomunicaciones para el fin de siglo, Madrid, 24 y 25 de noviembre de 1993
500 _aEjemp. mecanografiado
541 _cGratuito
650 4 _atelecomunicaciones
_927884
650 4 _alegislación
_927153
650 4 _aEspaña
_926964
653 1 0 _aTransporte-Comunicaciones
650 4 _926752
_aUE
711 2 _aJornadas sobre Telecomunicaciones para el Fin de Siglo
_d1993
_cMadrid
_953
902 _aDOC Literatura gris
942 _2CES
_cBK
_h5.2.
999 _c1605
_d1605